00630nam a2200193Ia 4500008004100000082002700041100002800068245005100096250001800147260001000165260003100175260000900206300001000215650002500225650003300250942001500283999001700298952012100315251023s9999 xx 000 0 und d a306.368 D131s 1971 HNA aDahrendorf, Ralf925100 0a Sociología de la industria y de la empresa. a2a. edición aUTEHA bDistrito Federal, México c1971 a172p. aCooperación911898 aDivisión del trabajo98813 cLIBRO2ddc c19322d19322 00102ddc40708CGaBCbBCd2025-10-24eDonacióno306.368 D131s 1971 HNAp26015r2025-10-24t1w2025-10-24yLIBRO